1235 1893 1179 1686 1415 1519 1521 1267 1685 1978 1066 1848 1527 1069 1995 1257 1104 1688 1515 1685 1965 1266 1634 1585 1160 1007 1411 1721 1634 1033 1615 1858 1441 1003 1920 1886 1892 1369 1685 1846 1517 1071 1709 1865 1583 1970 1188 1918 1374 1585 1609 1177 1622 1026 1500 1151 1725 1945 1014 1775 1708 1796 1573 1525 1633 1240 1581 1742 1964 1510 1641 1481 1884 1800 1234 1497 1320 1838 1004 1839 1474 1880 1497 1258 1390 1924 1429 1398 1830 1211 1772 1005 2000 1985 1207 1643 1903 1736 1143 BCNSPRNW ULIB Ver.6.0+V

เปลี่ยนเป็นภาษาไทย

Change to English
 แสดงรายละเอียดบรรณานุกรม
  กลับหน้าหลัก

Brief Record : Get Marc (ISO 2709) : E-mail record : QR code < ปิดหน้าต่าง
LEADER : 00000nam 2200000uu 4500
001    13399112298
003     ULIB
008    110627s2553||||th 000 0 tha d
020    9786167205205
090    นว.^bบ675ร 2553
100 0  บุษบาพาฝัน
245 00 รอยแค้น แสนรัก/^cบุษบาพาฝัน
250    พิมพ์ครั้งที่ 1
260    กรุงเทพฯ :^bเม็ดทรายพริ้นติ้ง,^c2553
300    451 หน้า
710 1  เม็ดทรายพริ้นติ้ง
945    ^p328^l0^i028074
995    ทศพร
999 ^a ใช้งานได้ทุกระบบ
รายการนี้ยังไม่มีแท็ก
คุณยังไม่ได้ล็อกอิน คุณสามารถมีกิจกรรมร่วมกับเว็บไซต์ได้ แต่ต้องล็อกอินก่อน ::
  ล็อกอิน

รายการสื่อสารสนเทศ

ลำดับที่ ประเภท เลขเรียก/บาร์โค้ด สถานที่ สถานะ
- ไม่พบข้อมูล -

BibComment


ยังไม่เคยถูกคอมเมนท์

คอมเมนท์ทรัพยากรรายการนี้
  คอมเมนท์: รอยแค้น แสนรัก บุ..


 Copyright 2026. Bcnsprnw @Library